Songs in the night and echoes of grace (Record no. 14117)

MARC details
000 -LEADER
campo de control de longitud fija 00434ntaaa2200169 4500
003 - IDENTIFICADOR DE NÚMERO DE CONTROL
campo de control 01
005 - FECHA Y HORA DE LA ÚLTIMA TRANSACCIÓN
campo de control 20251027201934.0
008 - DATOS DE LONGITUD FIJA--INFORMACIÓN GENERAL
campo de control de longitud fija 0714s1973 ag 01
040 ## - FUENTE DE CATALOGACIÓN
Centro catalogador/agencia de origen AR-BaBN
Lengua de catalogación spa
Centro/agencia transcriptor AR-BaBN
Normas de descripción aacr
Centro/agencia modificador RIC
082 ## - NÚMERO DE LA CLASIFICACIÓN DECIMAL DEWEY
Número de clasificación 245.0000 C88
100 ## - ENTRADA PRINCIPAL--NOMBRE DE PERSONA
Nombre de persona Crowston, C. C.
9 (RLIN) 17969
245 ## - MENCIÓN DEL TÍTULO
Título Songs in the night and echoes of grace
250 ## - MENCION DE EDICION
Mención de edición 1 ed. :
Resto de la mención de edición Loizeaux Brothers,
-- n.f.
300 ## - DESCRIPCIÓN FÍSICA
Extensión 125 p.
650 ## - PUNTO DE ACCESO ADICIONAL DE MATERIA--TÉRMINO DE MATERIA
Término de materia o nombre geográfico como elemento de entrada Poesías Religiosa
942 ## - ELEMENTOS DE ENTRADA SECUNDARIOS (KOHA)
Tipo de ítem Koha Colección General
Holdings
Estatus retirado Estado de pérdida Estado de daño No para préstamo Biblioteca de origen Biblioteca actual Fecha de adquisición Número de inventario Total de préstamos Signatura topográfica completa Código de barras Visto por última vez Precio de reemplazo Tipo de ítem Koha
        Biblioteca Pluis Biblioteca Pluis 27/10/2025 12061   245.0000 C88 12061 27/10/2025 27/10/2025 Colección General